Central Library OPAC University of Rajshahi

The lark / (Record no. 22206)

MARC details
000 -LEADER
fixed length control field 02101cam a22003493a 4500
001 - CONTROL NUMBER
control field 22206
003 - CONTROL NUMBER IDENTIFIER
rucl marc code BD-RjUL
005 - DATE AND TIME OF LATEST TRANSACTION
control field 20211209000759.0
008 - FIXED-LENGTH DATA ELEMENTS--GENERAL INFORMATION
fixed length control field 140306s1961 enk 000 0deng d
035 ## - SYSTEM CONTROL NUMBER
System control number BD-RjUL)22271
040 ## - CATALOGING SOURCE
Original cataloging agency DLC
Transcribing agency DLC
Modifying agency DLC
-- BD-RjUL
Language of cataloging eng
041 ## - LANGUAGE CODE
Language code of text/sound track or separate title eng
082 00 - DEWEY DECIMAL CLASSIFICATION NUMBER
Classification number 914.439
Author mark and year ANL 1961
100 1# - MAIN ENTRY--PERSONAL NAME
Personal name Anouilh, Jean
9 (RLIN) 68549
245 04 - TITLE STATEMENT
Title The lark /
Statement of responsibility, etc. Jean, Anouilh
250 ## - EDITION STATEMENT
Edition statement Paperback Edition
260 ## - PUBLICATION, DISTRIBUTION, ETC. (IMPRINT)
Date of publication, distribution, etc. 1961
Place of publication, distribution, etc. London :
Name of publisher, distributor, etc. Methuen & Co.,
300 ## - PHYSICAL DESCRIPTION
Pagination 103p. ;
Size 18cm.
500 ## - GENERAL NOTE
General note Longacre Theatre, week beginning February 13, 1956.
General note "The Playbill for the Longacre Theatre"--Cover.
General note Title devised by Library staff.
General note Cast: Christopher Plummer, Boris Karloff, Julie Harris, Ward Costello, Lois Holmes, John Reese, Roger De Koven, Joseph Wiseman, Michael Higgins, Theodore Bikel, Ann Hillary, Joan Elan, Paul Roebling, Rita Vale, Bruce Gordon, Richard Nicholls, Ralph Roberts, Edward Knight, Joe Bernard, Ruth Maynard, Elizabeth Lawrence, Michael Price, Michael Conrad, William Lennard, Milton Katselas, Edgar Grower. Choral singers: Russell Oberlin, Pauline Seim, Betty Wilson, Jean Hakes, Charles Bressler, Arthur Burrows, Brayton Lewis, by arrangement with the New York Pro Musica Antiqua.
520 ## - SUMMARY, ETC.
Summary, etc. Longacre Theatre, Kermit Bloomgarden presents Julie Harris in "The Lark," a play by Jean Anouilh, adapted by Lillian Hellman, also starring Boris Karloff with Joseph Wiseman, Christopher Plummer, Theodore Bikel, Bruce Gordon, Paul Roebling, Roger De Koven, directed by Joseph Anthony, lights and settings by Jo Mielziner, costumes by Alvin Colt, music composed by Leonard Bernstein, production stage manager Bill Ross.
580 ## - LINKING ENTRY COMPLEXITY NOTE
Linking entry complexity note In: Richard L. Coe Theater Programs Collection (Library of Congress).
600 00 - SUBJECT ADDED ENTRY--PERSONAL NAME
Personal name Joan,
Titles and other words associated with a name of Arc, Saint,
Dates associated with a name 1412-1431
700 1# - ADDED ENTRY--PERSONAL NAME
Personal name Fry, Christopher
942 ## - ADDED ENTRY ELEMENTS (KOHA)
Source of classification or shelving scheme Dewey Decimal Classification
Koha item type Books
Holdings
Lost status Source of classification or shelving scheme Damaged status Not for loan Collection code Permanent Location Current Location Shelving location Date acquired Source of acquisition Cost, normal purchase price Total Checkouts Full call number Date last seen Copy number Koha item type
  Dewey Decimal Classification   Added to bundle Non-fiction Central Library, University of Rajshahi Central Library, University of Rajshahi Reading Room 09/03/1964 Zeitlinger 4.00   914.439 ANL 1961 06/03/2014 C-1 Books